| Tag |
First Indicator |
Second Indicator |
Subfields |
| LEADER |
00000cam a22000008a 4500 |
| 001 |
in00000071023 |
| 005 |
20151008062023.0 |
| 008 |
810210s1981 nyu b 00110 eng |
| 010 |
|
|
|a 81001536
|
| 020 |
|
|
|a 0195029119 :
|c $25.00
|
| 035 |
|
|
|a (OCoLC)07272534
|
| 035 |
|
|
|9 AAJ9342AM
|
| 039 |
0 |
|
|a 2
|b 3
|c 3
|d 3
|e 3
|
| 040 |
|
|
|a DLC
|c DLC
|d TXA
|d UtOrBLW
|
| 049 |
|
|
|a TXAM
|c [1560824]
|
| 050 |
0 |
0 |
|a RC569
|b .R6
|
| 060 |
|
0 |
|a HV 6545 R632f
|
| 082 |
0 |
|
|a 616.85/844509
|2 19
|
| 100 |
1 |
|
|a Robins, Eli.
|
| 245 |
1 |
4 |
|a The final months :
|b a study of the lives of 134 persons who committed suicide /
|c Eli Robins.
|
| 263 |
|
|
|a 8109
|
| 264 |
|
1 |
|a New York :
|b Oxford University Press,
|c 1981.
|
| 300 |
|
|
|a xv, 437 pages ;
|c 24 cm.
|
| 336 |
|
|
|a text
|b txt
|2 rdacontent
|
| 337 |
|
|
|a unmediated
|b n
|2 rdamedia
|
| 338 |
|
|
|a volume
|b nc
|2 rdacarrier
|
| 504 |
|
|
|a Includes bibliographical references and index.
|
| 650 |
|
0 |
|a Suicide
|v Case studies.
|
| 650 |
|
2 |
|a Suicide.
|
| 650 |
|
2 |
|a Suicide
|x psychology.
|
| 999 |
|
|
|a MARS
|
| 999 |
f |
f |
|s 9ea553eb-64a2-33af-9333-24496aa397cf
|i 1a7f2058-57c5-3257-bb30-47297d889927
|t 0
|
| 952 |
f |
f |
|p ric
|a Texas A&M University
|b Rellis Campus
|c Joint Library Facility
|d Remote Storage
|t 0
|e RC569 .R6
|h Library of Congress classification
|i unmediated -- volume
|m A14806230634
|
| 998 |
f |
f |
|a RC569 .R6
|t 0
|l Remote Storage
|